000 00678nam a2200205Ia 4500
003 OSt
005 20230412092743.0
008 210423s2009 xx 000 0 und d
020 _a8175812540
040 _cAL
041 _aeng
082 _a420.02 JAIN
_223
100 _aJAIN (BB).
_986083
245 _aUpkar''s UGC NET/JRF/SLET english literature paper second.
260 _aNew Delhi
_bRama Brothers India Pvt.Ltd
_c2009
300 _avii,132
_bPB
365 _b80
_cINR
906 _acompetitive ; english ; examinations. ; literature ; literature. ; literature: ; NET/JRF/SLET ; NET/SET/JRF ; Objective ; other ; paper ; second. ; UGC ; Upkar''s
942 _2ddc
_cBK
999 _c159078
_d159078